[Event "SVK-ch GM 2018"]
[Site "Banska Stiavnica"]
[Date "2018.07.12"]
[Round "6"]
[White "Petenyi, Tamas"]
[Black "Pechac, Jergus"]
[Result "1-0"]
[WhiteElo "2450"]
[BlackElo "2435"]
[Annotator "RC"]
[PlyCount "37"]
[EventDate "2018.07.07"]
[EventType "tourn"]
[EventCountry "SVK"]
[SourceTitle "playchess.com"]
[Source "ChessBase"]
[SourceQuality "1"]
[TimeControl "40/5400+30:1800+30"]

1. e4 {[%emt 0:00:36]} c5 {[%emt 0:00:00]} 2. b3 {[%emt 0:00:21]} b6 {[%emt 0:00:33]} 3. Bb2 {[%emt 0:00:31]} Bb7 {[%emt 0:00:06]} 4. Nc3 {[%emt 0:00:17]} d6 {[%emt 0:01:13]} 5. d4 {[%emt 0:01:08]} Nd7 {[%emt 0:00:49]} 6. Nf3 {[%emt 0:02:08]} Ngf6 {[%emt 0:01:55]} 7. dxc5 {[%emt 0:09:23]} bxc5 {[%emt 0:02:17]} 8. Bb5 {[%emt 0:04:03]} Nxe4 {[%emt 0:05:08]} 9. Nxe4 {[%emt 0:05:15]} Bxe4 {[%emt 0:00:05]} 10. O-O {[%emt 0:00:08]} Rb8 {[%emt 0:01:46]} 11. Ba4 {[%emt 0:08:12]} Qc7 {[%emt 0:03:19]} 12. Ne5 {[%emt 0:03:55]} Bf5 {[%emt 0:03:15]} 13. Qf3 {[%emt 0:01:18]} f6 {[%emt 0:01:23]} 14. Qxf5 {[%emt 0:03:49]} fxe5 {[%emt 0:00:06]} 15. Bxe5 {[%emt 0:00:44]} Kd8 {[%emt 0:00:16]} 16. Rfe1 {[%emt 0:13:54]} Nxe5 {[%emt 0:02:07]} 17. Rxe5 {[%emt 0:04:39]} g6 {[%emt 0:01:04]} 18. Qf6 {[%emt 0:03:55]} exf6 {[%emt 0:00:15]} 19. Re8# {[%emt 0:00:02]} 1-0

[Event "SVK-ch GM 2018"]
[Site "Banska Stiavnica"]
[Date "2018.07.12"]
[Round "6"]
[White "Jurcik, Marian"]
[Black "Zvarik, Martin"]
[Result "0-1"]
[WhiteElo "2445"]
[BlackElo "2280"]
[Annotator "NA"]
[PlyCount "84"]
[EventDate "2018.07.07"]
[EventType "tourn"]
[EventCountry "SVK"]
[SourceTitle "playchess.com"]
[Source "ChessBase"]
[SourceQuality "1"]
[TimeControl "40/5400+30:1800+30"]

1. d4 {[%emt 0:00:52]} Nf6 {[%emt 0:08:00]} 2. c4 {[%emt 0:00:52]} e6 {[%emt 0:00:13]} 3. Nc3 {[%emt 0:00:20]} Bb4 {[%emt 0:00:31]} 4. Qc2 {[%emt 0:00:20]} c5 {[%emt 0:00:41]} 5. dxc5 {[%emt 0:00:40]} Na6 {[%emt 0:00:51]} 6. a3 {[%emt 0:06:01]} Bxc5 {[%emt 0:00:06]} 7. b4 {[%emt 0:02:42]} Be7 {[%emt 0:00:42]} 8. e4 {[%emt 0:02:12]} d6 {[%emt 0:01:07]} 9. Bd3 {[%emt 0:02:09]} Nc7 {[%emt 0:02:32]} 10. f4 {[%emt 0:02:57]} Bd7 {[%emt 0:12:09]} 11. Nf3 {[%emt 0:02:49]} Rc8 {[%emt 0:06:58]} 12. Qe2 {[%emt 0:04:44]} b5 {[%emt 0:02:25]} 13. cxb5 {[%emt 0:01:53]} d5 {[%emt 0:00:10]} 14. e5 {[%emt 0:15:04]} Ne4 {[%emt 0:00:05]} 15. Bxe4 {[%emt 0:03:05]} dxe4 {[%emt 0:00:03]} 16. Nd4 {[%emt 0:00:07]} Nd5 {[%emt 0:07:04]} 17. Nxd5 {[%emt 0:01:40]} exd5 {[%emt 0:01:43]} 18. Be3 {[%emt 0:04:00]} Rc3 {[%emt 0:06:55]} 19. O-O {[%emt 0:02:01]} O-O {[%emt 0:07:28]} 20. Rfc1 {[%emt 0:04:15]} Rd3 {[%emt 0:00:15]} 21. Bf2 {[%emt 0:07:57]} Qe8 {[%emt 0:01:52]} 22. Nc6 {[%emt 0:00:44]} Bd8 {[%emt 0:04:01]} 23. Bxa7 {[%emt 0:05:10]} g5 {[%emt 0:00:05]} 24. Nxd8 {[%emt 0:21:18]} Qxd8 {[%emt 0:01:01]} 25. fxg5 {[%emt 0:00:23]} Qxg5 {[%emt 0:00:42]} 26. a4 {[%emt 0:03:04]} Kh8 {[%emt 0:03:15]} 27. Qf2 {[%emt 0:02:38]} Rf3 {[%emt 0:00:51]} 28. Qb2 {[%emt 0:01:00]} Be6 {[%emt 0:01:20]} 29. Kh1 {[%emt 0:01:04]} Rd3 {[%emt 0:01:10]} 30. Qf2 {[%emt 0:00:48]} Rg8 {[%emt 0:01:52]} 31. Qf6+ {[%emt 0:00:43]} Qxf6 {[%emt 0:00:06]} 32. exf6 {[%emt 0:00:03]} d4 {[%emt 0:00:26]} 33. Rd1 {[%emt 0:01:54]} Bb3 {[%emt 0:03:40]} 34. Rg1 {[%emt 0:00:55]} e3 {[%emt 0:00:24]} 35. a5 {[%emt 0:00:30]} Bd5 {[%emt 0:00:40]} 36. Rac1 {[%emt 0:00:34]} e2 {[%emt 0:00:20]} 37. Rce1 {[%emt 0:00:25]} Rxg2 {[%emt 0:00:38]} 38. Rxg2 {[%emt 0:00:25]} Rd1 {[%emt 0:00:06]} 39. Kg1 {[%emt 0:00:33]} Rxe1+ {[%emt 0:01:41]} 40. Kf2 {[%emt 0:00:01]} Rb1 {[%emt 0:00:45]} 41. Kxe2 {[%emt 0:30:24]} Bxg2 {[%emt 0:30:27]} 42. b6 {[%emt 0:00:00]} Bb7 {[%emt 0:00:00]} 0-1

[Event "SVK-ch GM 2018"]
[Site "Banska Stiavnica"]
[Date "2018.07.12"]
[Round "6"]
[White "Mazur, Stefan"]
[Black "Petrik, Tomas"]
[Result "1/2-1/2"]
[WhiteElo "2425"]
[BlackElo "2470"]
[Annotator "ChessBase"]
[PlyCount "108"]
[EventDate "2018.07.07"]
[EventType "tourn"]
[EventCountry "SVK"]
[SourceTitle "playchess.com"]
[Source "ChessBase"]
[SourceQuality "1"]
[TimeControl "40/5400+30:1800+30"]

1. e4 {[%emt 0:00:09]} Nf6 {[%emt 0:07:32]} 2. e5 {[%emt 0:00:47]} Nd5 {[%emt 0:00:09]} 3. d4 {[%emt 0:00:19]} d6 {[%emt 0:00:08]} 4. c4 {[%emt 0:00:31]} Nb6 {[%emt 0:00:07]} 5. exd6 {[%emt 0:00:22]} exd6 {[%emt 0:01:07]} 6. h3 {[%emt 0:00:56]} Be7 {[%emt 0:07:27]} 7. Nf3 {[%emt 0:00:13]} Nc6 {[%emt 0:07:42]} 8. Nc3 {[%emt 0:00:44]} Bf6 {[%emt 0:06:26]} 9. Be3 {[%emt 0:18:05]} O-O {[%emt 0:02:34]} 10. b3 {[%emt 0:00:42]} a5 {[%emt 0:13:57]} 11. Rc1 {[%emt 0:01:35]} Bf5 {[%emt 0:03:47]} 12. Be2 {[%emt 0:07:18]} a4 {[%emt 0:05:00]} 13. O-O {[%emt 0:01:23]} Bg6 {[%emt 0:23:16]} 14. Qd2 {[%emt 0:05:22]} axb3 {[%emt 0:01:37]} 15. axb3 {[%emt 0:00:09]} Re8 {[%emt 0:00:08]} 16. Rfd1 {[%emt 0:18:33]} Qd7 {[%emt 0:07:31]} 17. c5 {[%emt 0:10:14]} Nc8 {[%emt 0:00:12]} 18. d5 {[%emt 0:02:14]} Ne5 {[%emt 0:01:00]} 19. c6 {[%emt 0:06:11]} bxc6 {[%emt 0:01:30]} 20. dxc6 {[%emt 0:00:14]} Nxc6 {[%emt 0:06:36]} 21. Bb5 {[%emt 0:04:13]} Rb8 {[%emt 0:00:16]} 22. Ba4 {[%emt 0:01:27]} Nb6 {[%emt 0:00:54]} 23. Bxb6 {[%emt 0:01:56]} cxb6 {[%emt 0:00:07]} 24. Bb5 {[%emt 0:05:44]} Rec8 {[%emt 0:01:52]} 25. Nd5 {[%emt 0:00:27]} Qb7 {[%emt 0:00:52]} 26. Nxf6+ {[%emt 0:04:11]} gxf6 {[%emt 0:00:02]} 27. Qxd6 {[%emt 0:00:12]} Na7 {[%emt 0:00:22]} 28. Bd7 {[%emt 0:03:26]} Rxc1 {[%emt 0:01:11]} 29. Rxc1 {[%emt 0:00:02]} Rd8 {[%emt 0:00:07]} 30. Rc7 {[%emt 0:00:10]} Qb8 {[%emt 0:00:16]} 31. Nd4 {[%emt 0:00:47]} Nc8 {[%emt 0:00:32]} 32. Qc6 {[%emt 0:04:50]} Ne7 {[%emt 0:00:03]} 33. Qb7 {[%emt 0:01:00]} Qxb7 {[%emt 0:01:21]} 34. Rxb7 {[%emt 0:00:02]} Be4 {[%emt 0:00:08]} 35. Ra7 {[%emt 0:00:15]} Ng6 {[%emt 0:00:59]} 36. Nc6 {[%emt 0:01:27]} Rxd7 {[%emt 0:00:39]} 37. Rxd7 {[%emt 0:00:10]} Bxc6 {[%emt 0:00:02]} 38. Rd6 {[%emt 0:01:51]} Ne7 {[%emt 0:00:03]} 39. Rxf6 {[%emt 0:00:04]} b5 {[%emt 0:00:44]} 40. f3 {[%emt 0:00:34]} Bd5 {[%emt 0:01:11]} 41. Rb6 {[%emt 0:00:57]} Bxb3 {[%emt 0:25:10]} 42. Rxb5 {[%emt 0:00:32]} Be6 {[%emt 0:02:00]} 43. Kf2 {[%emt 0:00:08]} Kg7 {[%emt 0:00:13]} 44. g4 {[%emt 0:00:32]} h6 {[%emt 0:03:00]} 45. Kg3 {[%emt 0:00:25]} f6 {[%emt 0:00:49]} 46. Rb7 {[%emt 0:02:40]} Kf8 {[%emt 0:00:03]} 47. Ra7 {[%emt 0:00:19]} Bf7 {[%emt 0:00:44]} 48. f4 {[%emt 0:01:28]} h5 {[%emt 0:00:56]} 49. f5 {[%emt 0:05:43]} hxg4 {[%emt 0:00:04]} 50. hxg4 {[%emt 0:00:05]} Nd5 {[%emt 0:00:37]} 51. Ra8+ {[%emt 0:00:17]} Kg7 {[%emt 0:00:13]} 52. Ra7 {[%emt 0:00:35]} Kf8 {[%emt 0:01:00]} 53. Ra8+ {[%emt 0:00:10]} Kg7 {[%emt 0:00:56]} 54. Ra7 {[%emt 0:00:05]} Kf8 {[%emt 0:00:55]} 1/2-1/2

[Event "SVK-ch GM 2018"]
[Site "Banska Stiavnica"]
[Date "2018.07.13"]
[Round "7"]
[White "Nayhebaver, Martin"]
[Black "Jurcik, Marian"]
[Result "0-1"]
[WhiteElo "2478"]
[BlackElo "2445"]
[Annotator "RC"]
[PlyCount "104"]
[EventDate "2018.07.07"]
[EventType "tourn"]
[EventCountry "SVK"]
[SourceTitle "playchess.com"]
[Source "ChessBase"]
[SourceQuality "1"]
[TimeControl "40/5400+30:1800+30"]

1. e4 {[%emt 0:00:00]} c6 {[%emt 0:00:28]} 2. d4 {[%emt 0:03:38]} d5 {[%emt 0:00:32]} 3. Nc3 {[%emt 0:01:22]} dxe4 {[%emt 0:01:15]} 4. Nxe4 {[%emt 0:00:08]} Bf5 {[%emt 0:01:41]} 5. Ng3 {[%emt 0:00:50]} Bg6 {[%emt 0:00:10]} 6. N1e2 {[%emt 0:02:27]} Nf6 {[%emt 0:06:16]} 7. Nf4 {[%emt 0:06:30]} e5 {[%emt 0:01:55]} 8. Nxg6 {[%emt 0:03:40]} hxg6 {[%emt 0:00:07]} 9. dxe5 {[%emt 0:04:17]} Qa5+ {[%emt 0:04:16]} 10. Bd2 {[%emt 0:03:51]} Qxe5+ {[%emt 0:00:46]} 11. Qe2 {[%emt 0:00:26]} Qxe2+ {[%emt 0:00:24]} 12. Bxe2 {[%emt 0:00:32]} Nbd7 {[%emt 0:04:01]} 13. O-O-O {[%emt 0:00:58]} Bc5 {[%emt 0:01:35]} 14. f4 {[%emt 0:02:19]} O-O-O {[%emt 0:01:47]} 15. Kb1 {[%emt 0:07:38]} Nb6 {[%emt 0:07:36]} 16. c4 {[%emt 0:06:45]} Bf2 {[%emt 0:10:19]} 17. Kc2 {[%emt 0:17:10]} Rhe8 {[%emt 0:10:19]} 18. Bd3 {[%emt 0:01:22]} Na4 {[%emt 0:01:16]} 19. Bc1 {[%emt 0:14:00]} Bxg3 {[%emt 0:13:14]} 20. hxg3 {[%emt 0:00:08]} Nc5 {[%emt 0:00:02]} 21. Rhg1 {[%emt 0:10:52]} a6 {[%emt 0:17:58]} 22. Rd2 {[%emt 0:04:48]} Nxd3 {[%emt 0:07:46]} 23. Rxd3 {[%emt 0:00:05]} Re2+ {[%emt 0:00:10]} 24. Kd1 {[%emt 0:00:10]} Rf2 {[%emt 0:03:22]} 25. Rxd8+ {[%emt 0:01:51]} Kxd8 {[%emt 0:00:01]} 26. a3 {[%emt 0:01:48]} Kd7 {[%emt 0:02:12]} 27. a4 {[%emt 0:02:08]} Nh5 {[%emt 0:01:23]} 28. g4 {[%emt 0:03:36]} Nxf4 {[%emt 0:00:26]} 29. Be3 {[%emt 0:00:01]} Rxg2 {[%emt 0:00:10]} 30. Rf1 {[%emt 0:00:06]} g5 {[%emt 0:00:31]} 31. Bxf4 {[%emt 0:00:03]} gxf4 {[%emt 0:00:05]} 32. Rxf4 {[%emt 0:00:02]} f6 {[%emt 0:00:17]} 33. Rd4+ {[%emt 0:01:10]} Kc8 {[%emt 0:02:30]} 34. Kc1 {[%emt 0:01:43]} a5 {[%emt 0:00:43]} 35. b3 {[%emt 0:00:34]} Kc7 {[%emt 0:00:12]} 36. c5 {[%emt 0:00:29]} Re2 {[%emt 0:00:25]} 37. Kd1 {[%emt 0:00:28]} Re5 {[%emt 0:01:14]} 38. Rc4 {[%emt 0:00:02]} Kd7 {[%emt 0:00:51]} 39. b4 {[%emt 0:00:16]} axb4 {[%emt 0:00:28]} 40. Rxb4 {[%emt 0:00:01]} Kc7 {[%emt 0:00:16]} 41. Rc4 {[%emt 0:30:07]} Re7 {[%emt 0:01:46]} 42. Rb4 {[%emt 0:00:00]} g5 {[%emt 0:07:55]} 43. Kd2 {[%emt 0:00:00]} Re5 {[%emt 0:02:14]} 44. Rc4 {[%emt 0:00:00]} Kb8 {[%emt 0:02:16]} 45. Kd3 {[%emt 0:00:00]} f5 {[%emt 0:03:24]} 46. gxf5 {[%emt 0:00:00]} Rxf5 {[%emt 0:00:06]} 47. Rc1 {[%emt 0:00:00]} Rf3+ {[%emt 0:01:46]} 48. Kc4 {[%emt 0:00:00]} Rf4+ {[%emt 0:02:53]} 49. Kb3 {[%emt 0:00:00]} Rf5 {[%emt 0:00:47]} 50. Kb4 {[%emt 0:00:00]} g4 {[%emt 0:01:02]} 51. Rh1 {[%emt 0:00:00]} Rg5 {[%emt 0:01:39]} 52. Ka5 {[%emt 0:00:00]} Ka7 {[%emt 0:02:12]} 0-1

[Event "SVK-ch GM 2018"]
[Site "Banska Stiavnica"]
[Date "2018.07.13"]
[Round "7"]
[White "Petrik, Tomas"]
[Black "Petenyi, Tamas"]
[Result "1-0"]
[WhiteElo "2470"]
[BlackElo "2450"]
[Annotator "ChessBase"]
[PlyCount "101"]
[EventDate "2018.07.07"]
[EventType "tourn"]
[EventCountry "SVK"]
[SourceTitle "playchess.com"]
[Source "ChessBase"]
[SourceQuality "1"]
[TimeControl "40/5400+30:1800+30"]

1. e4 {[%emt 0:00:00]} Nc6 {[%emt 0:05:08]} 2. Nf3 {[%emt 0:01:55]} Nf6 {[%emt 0:03:08]} 3. e5 {[%emt 0:03:22]} Nd5 {[%emt 0:00:36]} 4. d4 {[%emt 0:03:00]} d6 {[%emt 0:00:38]} 5. c4 {[%emt 0:04:05]} Nb6 {[%emt 0:00:09]} 6. e6 {[%emt 0:00:39]} fxe6 {[%emt 0:05:08]} 7. Nc3 {[%emt 0:05:16]} g6 {[%emt 0:08:15]} 8. h4 {[%emt 0:11:20]} Bg7 {[%emt 0:01:39]} 9. Be3 {[%emt 0:02:32]} e5 {[%emt 0:04:58]} 10. d5 {[%emt 0:01:55]} Nd4 {[%emt 0:07:41]} 11. Nxd4 {[%emt 0:02:24]} exd4 {[%emt 0:00:04]} 12. Bxd4 {[%emt 0:00:07]} Bxd4 {[%emt 0:00:19]} 13. Qxd4 {[%emt 0:00:07]} e5 {[%emt 0:00:28]} 14. dxe6 {[%emt 0:02:23]} O-O {[%emt 0:00:56]} 15. h5 {[%emt 0:11:07]} Qf6 {[%emt 0:03:23]} 16. Qxf6 {[%emt 0:02:35]} Rxf6 {[%emt 0:00:04]} 17. e7 {[%emt 0:00:06]} Re6+ {[%emt 0:01:44]} 18. Kd2 {[%emt 0:02:18]} Rxe7 {[%emt 0:00:08]} 19. hxg6 {[%emt 0:09:01]} hxg6 {[%emt 0:00:08]} 20. Bd3 {[%emt 0:00:10]} Bf5 {[%emt 0:03:18]} 21. Rh6 {[%emt 0:03:00]} Rf8 {[%emt 0:00:53]} 22. f3 {[%emt 0:05:44]} Rh7 {[%emt 0:01:18]} 23. Rxh7 {[%emt 0:04:31]} Kxh7 {[%emt 0:00:06]} 24. Re1 {[%emt 0:00:09]} Kg7 {[%emt 0:00:14]} 25. Re7+ {[%emt 0:04:51]} Rf7 {[%emt 0:00:31]} 26. Rxf7+ {[%emt 0:00:39]} Kxf7 {[%emt 0:00:01]} 27. Nb5 {[%emt 0:00:12]} Na8 {[%emt 0:10:24]} 28. Bxf5 {[%emt 0:13:45]} gxf5 {[%emt 0:03:48]} 29. Nxa7 {[%emt 0:00:36]} c6 {[%emt 0:01:32]} 30. Ke3 {[%emt 0:01:49]} Ke6 {[%emt 0:04:33]} 31. b3 {[%emt 0:02:22]} Nb6 {[%emt 0:02:46]} 32. a4 {[%emt 0:00:06]} Nd7 {[%emt 0:02:08]} 33. a5 {[%emt 0:00:41]} c5 {[%emt 0:03:40]} 34. g4 {[%emt 0:03:08]} fxg4 {[%emt 0:03:52]} 35. fxg4 {[%emt 0:00:02]} Ne5 {[%emt 0:00:27]} 36. g5 {[%emt 0:00:06]} d5 {[%emt 0:02:27]} 37. cxd5+ {[%emt 0:00:21]} Kxd5 {[%emt 0:00:01]} 38. Kf4 {[%emt 0:01:14]} c4 {[%emt 0:02:01]} 39. bxc4+ {[%emt 0:00:55]} Nxc4 {[%emt 0:00:02]} 40. g6 {[%emt 0:00:51]} Ke6 {[%emt 0:03:35]} 41. Kg5 {[%emt 0:06:00]} Ne5 {[%emt 0:02:01]} 42. g7 {[%emt 0:10:21]} Kf7 {[%emt 0:00:06]} 43. Kh6 {[%emt 0:00:10]} Kg8 {[%emt 0:00:19]} 44. Nc8 {[%emt 0:01:57]} Nf7+ {[%emt 0:02:44]} 45. Kg6 {[%emt 0:00:08]} Ne5+ {[%emt 0:00:05]} 46. Kf5 {[%emt 0:01:36]} Nd7 {[%emt 0:02:27]} 47. Nb6 {[%emt 0:00:28]} Nc5 {[%emt 0:02:35]} 48. Kf6 {[%emt 0:03:46]} Ne4+ {[%emt 0:06:43]} 49. Kg6 {[%emt 0:00:07]} Nc3 {[%emt 0:01:03]} 50. Nd7 {[%emt 0:00:12]} Nd5 {[%emt 0:00:06]} 51. Nf6+ {[%emt 0:00:06]} 1-0

[Event "SVK-ch GM 2018"]
[Site "Banska Stiavnica"]
[Date "2018.07.13"]
[Round "7"]
[White "Pechac, Jergus"]
[Black "Gazik, Viktor"]
[Result "1-0"]
[WhiteElo "2435"]
[BlackElo "2490"]
[Annotator "TA"]
[PlyCount "89"]
[EventDate "2018.07.07"]
[EventType "tourn"]
[EventCountry "SVK"]
[SourceTitle "playchess.com"]
[Source "ChessBase"]
[SourceQuality "1"]

{[%evp 14,89,15,0,20,0,15,0,0,0,0,0,58,70,65,58,65,64,64,54,57,49,59,36,43,10,11,0,0,2,8,0,0,-28,-28,-28,-21,-21,-17,-24,-16,-30,-13,-15,0,-27,-19,-22,-21,-70,0,-16,0,-68,-23,-10,0,-48,-52,-68,-65,-320,-38,-45,-40,-28,70,60,463,437,623,614,933,956,932,939,1068,1075]} 1. e4 c5 2. Nc3 Nc6 3. Bb5 Nd4 4. Bc4 e6 5. Nge2 a6 6. a4 {B23: Sizilianisch (Geschlossenes System)} Ne7 {[%cal Bg8e7,Be7c6,Bc6d4][%mdl 32]} 7. O-O Nec6 8. d3 {LiveBook: 5 Partien. Die Stellung ist ausgeglichen.} g6 9. Bf4 $146 ({Vorgänger:} 9. Nxd4 cxd4 10. Ne2 Bg7 {½-½ (10) Orlov,A (2481)-Maze,S (2576) Calvia 2007}) 9... d6 10. Nxd4 Nxd4 11. Qd2 Bg7 12. a5 O-O (12... Nc6 $1 $11) 13. Na4 $1 $14 Nc6 14. Nb6 Rb8 15. Rab1 Qc7 16. Bb3 Bd7 17. Ba4 Be8 18. b3 Ne5 19. Bg3 Bxa4 20. bxa4 Nc6 21. Nc4 Rbd8 22. Rb6 Qe7 23. f4 d5 24. exd5 $1 Rxd5 25. Rfb1 Nb4 26. Kh1 Rfd8 27. Qf2 Bd4 28. Qd2 Bf6 29. Be1 R5d7 30. Qf2 {[%cal Re1b4]} Bd4 $36 {[%mdl 2048] Weiss steht unter Druck.} 31. Qh4 {Droht Dxe7.} Bf6 (31... Nxc2 $15 32. Qxe7 Rxe7) 32. Qf2 $11 {[%cal Re1b4]} Bd4 (32... Nc6 $11) 33. Qh4 $15 {Mit der Idee Dxe7.} Qxh4 (33... Nxc2 $5 {[%cal Rd4f6]} 34. Qxe7 Rxe7 $17) 34. Bxh4 Rc8 35. Nd6 Rb8 36. Ne4 Nxc2 37. Rxa6 $2 {[%mdl 8192]} (37. Bf2 $1 $15) 37... Nb4 $2 (37... bxa6 38. Rxb8+ Kg7 39. Bf6+ Bxf6 40. Rg8+ $1 {[%mdl 512]} Kxg8 41. Nxf6+ Kf8 42. Nxd7+ Ke7 43. Nxc5 $11) ({Lieber} 37... Na3 $19 38. Rb3 c4 39. dxc4 Nxc4) 38. Rd6 Rxd6 39. Nxd6 Nxd3 ({Besser ist} 39... Ra8 $11 40. Nc4 Nxd3 41. Rxb7 Nxf4) 40. a6 $1 $14 {[%cal Ba5a6,Ba6b7][%mdl 32]} Nb2 $2 {[%mdl 8192]} (40... c4 $1 $14 41. Nxc4 Nc5) 41. axb7 $18 {Weiß steht klar auf Gewinn.} c4 (41... Nxa4 $142 42. Bd8 Nb2) 42. a5 {[%cal Ba4a5,Ba5a6][%mdl 32]} c3 43. a6 Nd3 44. Nb5 c2 {[#]} 45. Rc1 $1 {[%mdl 512] Precision: Weiß = 50%, Schwarz = 41%.} 1-0

[Event "SVK-ch GM 2018"]
[Site "Banska Stiavnica"]
[Date "2018.07.13"]
[Round "7"]
[White "Manik, Mikulas"]
[Black "Mazur, Stefan"]
[Result "1/2-1/2"]
[WhiteElo "2400"]
[BlackElo "2425"]
[Annotator "NA"]
[PlyCount "59"]
[EventDate "2018.07.07"]
[EventType "tourn"]
[EventCountry "SVK"]
[SourceTitle "playchess.com"]
[Source "ChessBase"]
[SourceQuality "1"]
[TimeControl "40/5400+30:1800+30"]

1. e4 {[%emt 0:05:41]} e5 {[%emt 0:00:00]} 2. Nf3 {[%emt 0:00:20]} Nc6 {[%emt 0:00:00]} 3. d4 {[%emt 0:00:11]} exd4 {[%emt 0:00:10]} 4. Nxd4 {[%emt 0:00:06]} Nf6 {[%emt 0:00:46]} 5. Nxc6 {[%emt 0:01:21]} bxc6 {[%emt 0:00:05]} 6. e5 {[%emt 0:00:10]} Qe7 {[%emt 0:00:25]} 7. Qe2 {[%emt 0:00:10]} Nd5 {[%emt 0:00:17]} 8. c4 {[%emt 0:00:18]} Ba6 {[%emt 0:02:35]} 9. b3 {[%emt 0:04:16]} g6 {[%emt 0:01:57]} 10. Bb2 {[%emt 0:01:17]} Bg7 {[%emt 0:00:22]} 11. g3 {[%emt 0:01:19]} O-O {[%emt 0:00:26]} 12. Bg2 {[%emt 0:01:14]} Rae8 {[%emt 0:05:16]} 13. O-O {[%emt 0:01:02]} Bxe5 {[%emt 0:00:21]} 14. Qxe5 {[%emt 0:00:39]} Qxe5 {[%emt 0:00:08]} 15. Bxe5 {[%emt 0:00:06]} Rxe5 {[%emt 0:00:08]} 16. cxd5 {[%emt 0:00:11]} Bxf1 {[%emt 0:00:06]} 17. Kxf1 {[%emt 0:00:10]} cxd5 {[%emt 0:00:14]} 18. Nc3 {[%emt 0:03:23]} c6 {[%emt 0:00:17]} 19. Rd1 {[%emt 0:02:37]} Rb8 {[%emt 0:04:56]} 20. Bf3 {[%emt 0:06:06]} a5 {[%emt 0:07:17]} 21. Na4 {[%emt 0:02:07]} Kf8 {[%emt 0:01:17]} 22. Nc5 {[%emt 0:04:58]} Ke7 {[%emt 0:00:32]} 23. Rc1 {[%emt 0:01:32]} Kd6 {[%emt 0:01:38]} 24. Rc2 {[%emt 0:01:42]} Re7 {[%emt 0:03:22]} 25. Rc1 {[%emt 0:03:51]} Ree8 {[%emt 0:03:15]} 26. Rc2 {[%emt 0:00:49]} Re7 {[%emt 0:00:33]} 27. Rc1 {[%emt 0:00:18]} Ree8 {[%emt 0:01:01]} 28. Rc2 {[%emt 0:00:16]} Re7 {[%emt 0:00:32]} 29. Rc1 {[%emt 0:00:21]} Ree8 {[%emt 0:00:05]} 30. Rc2 {[%emt 0:00:05]} 1/2-1/2

[Event "SVK-ch GM 2018"]
[Site "Banska Stiavnica"]
[Date "2018.07.13"]
[Round "7"]
[White "Zvarik, Martin"]
[Black "Repka, Christopher"]
[Result "0-1"]
[WhiteElo "2280"]
[BlackElo "2519"]
[Annotator "TA"]
[PlyCount "50"]
[EventDate "2018.07.07"]
[EventType "tourn"]
[EventCountry "SVK"]
[SourceTitle "playchess.com"]
[Source "ChessBase"]
[SourceQuality "1"]

{[%evp 10,50,-1,-9,0,0,0,0,1,1,8,-40,-24,-46,-51,-56,-57,-55,-56,-57,-50,-66,-15,-55,-35,-58,-45,-108,-120,-285,-292,-367,-232,-220,-226,-627,-226,-209,-215,-220,-216,-259,-252]} 1. d4 e6 2. a3 Nf6 3. Nf3 Be7 4. Nbd2 d5 5. e3 O-O 6. c4 {LiveBook: 9 Games. A46: 1 d4 Nf6 2 Nf3 e6: Torre, London and Colle Systems} c5 7. dxc5 a5 (7... Bxc5 8. b4 Be7 9. Bb2 b6 10. cxd5 Nxd5 11. Bc4 Bb7 12. O-O Nd7 13. Nd4 {½-½ (13) Epishin,V (2551)-Korneev,O (2546) Hofheim 2018}) 8. cxd5 {The position is equal.} Qxd5 9. Bc4 $146 ({Predecessor:} 9. Be2 Bd7 {0-1 (9) Arteaga Hernandez,L (2002)-Reina Guerra,E (1979) ICCF email 2015}) 9... Qxc5 10. Qe2 e5 11. O-O e4 $1 {[%cal Re4f3]} 12. Nd4 Bg4 13. f3 exf3 14. N2xf3 Nc6 15. Nxc6 Qxc6 (15... bxc6 $15 16. Bd2 Ne4) 16. Bd2 Ne4 $36 {[%mdl 2048] Black has some pressure.} 17. Rac1 {Black must now prevent Bxf7+!} Qb6 18. Bd5 (18. Qd3 $15 Nxd2 19. Qxd2) 18... Nf6 $17 19. Qc4 $2 {[#]} (19. Bc4 $17 {keeps fighting.}) 19... Rad8 $1 $19 {[%cal Rd8d5]} ({Weaker is} 19... Qxb2 20. Rb1 $17) 20. Ne5 {[%cal Rd5f7]} Rxd5 21. Rxf6 gxf6 ({Don't play} 21... Bxf6 22. Qxd5 Be6 23. Qd4 $17) 22. Qxg4+ Kh8 23. Nc4 Qe6 24. Qxe6 fxe6 25. Bxa5 Rc8 {Precision: White = 37%, Black = 80%.} 0-1

[Event "SVK-ch GM 2018"]
[Site "Banska Stiavnica"]
[Date "2018.07.14"]
[Round "8"]
[White "Repka, Christopher"]
[Black "Nayhebaver, Martin"]
[Result "1/2-1/2"]
[WhiteElo "2519"]
[BlackElo "2478"]
[Annotator "TA"]
[PlyCount "30"]
[EventDate "2018.07.07"]
[EventType "tourn"]
[EventCountry "SVK"]
[SourceTitle "playchess.com"]
[Source "ChessBase"]
[SourceQuality "1"]

{[%evp 23,30,14,20,0,0,0,0,0,0]} 1. d4 Nf6 2. c4 e6 3. Nc3 Bb4 4. Qc2 c5 5. dxc5 O-O 6. a3 Bxc5 7. Nf3 Nc6 8. Bf4 {E39: Nimzo-Indian: Classical: 4...c5 5 dxc5 0-0} e5 9. Bg5 Nd4 10. Nxd4 exd4 11. Nd5 Qa5+ 12. Bd2 Qd8 $1 {LiveBook: 5 Games. The position is equal.} 13. Bg5 $146 {aiming for Bxf6.} ({Predecessor:} 13. b4 Nxd5 14. bxc5 Nc7 15. Ba5 b6 16. cxb6 {0-1 (39) Eljanov,P (2716)-Ivanchuk,V (2781) Moscow 2008}) 13... Qa5+ $1 14. Bd2 Qd8 $1 15. Bg5 Qa5+ $1 1/2-1/2